The cashew-nut girl : (Record no. 130679)

MARC details
000 -LEADER
fixed length control field 00595nam a22002177a 4500
005 - DATE AND TIME OF LATEST TRANSACTION
control field 20170124110115.0
010 ## - LIBRARY OF CONGRESS CONTROL NUMBER
LC control number 781644
020 ## - INTERNATIONAL STANDARD BOOK NUMBER
Terms of availability 00.00
International Standard Book Number 0236176234
035 ## - SYSTEM CONTROL NUMBER
System control number 781644
037 ## - SOURCE OF ACQUISITION
Source of stock number/acquisition Cen Lib/Ret
040 ## - CATALOGING SOURCE
Original cataloging agency DPL
Language of cataloging EN
082 ## - DEWEY DECIMAL CLASSIFICATION NUMBER
Classification number S
Item number GUN
100 ## - MAIN ENTRY--PERSONAL NAME
Personal name Gunnell, Bryn
9 (RLIN) 29830
245 ## - TITLE STATEMENT
Title The cashew-nut girl :
Statement of responsibility, etc by Bryn Gunnell
Remainder of title stories of india /
260 ## - PUBLICATION, DISTRIBUTION, ETC. (IMPRINT)
Place of publication, distribution, etc London
Name of publisher, distributor, etc Elek Books
Date of publication, distribution, etc 1974
270 ## - ADDRESS
City London
Address 54-58 caledonain road
300 ## - PHYSICAL DESCRIPTION
Extent 196p.
Dimensions 21cm(Hb)
650 ## - SUBJECT ADDED ENTRY--TOPICAL TERM
Topical term or geographic name as entry element Literature fiction
9 (RLIN) 73036
650 ## - SUBJECT ADDED ENTRY--TOPICAL TERM
Topical term or geographic name as entry element English stories
9 (RLIN) 26733
942 ## - ADDED ENTRY ELEMENTS (KOHA)
Source of classification or shelving scheme Dewey Decimal Classification
Koha item type English Books
Classification part S
Call number suffix GUN
Holdings
Withdrawn status Lost status Damaged status Not for loan Home library Current library Date acquired Source of acquisition Cost, normal purchase price Total Checkouts Full call number Barcode Date last seen Copy number Cost, replacement price Price effective from Koha item type Public note
Written off       Central Library Central Library 10/07/2015 Cen Lib/Ret 0.00   S GUN 781644 10/07/2015 1 0.00 10/07/2015 English Books W/d List No. 6851/7 : dtd 18/7/20

© Delhi Public Library
Hit Counter
free hit counter